| 000 | 00498nam a2200169Ia 4500 | ||
|---|---|---|---|
| 008 | 230917s9999||||xx |||||||||||||| ||und|| | ||
| 020 | _cRS0.99 | ||
| 040 |
_e12169 _aMAIN |
||
| 041 | _aEnglish | ||
| 082 | _a005.133 G713T | ||
| 100 | _aGottfriEd, Byron S | ||
| 245 | 0 | _aTheory and problems of programming with basic: Including expended microsoft computer basic section | |
| 250 | _a3rd ed. | ||
| 260 |
_aNew Delhi _bTata McGraw-Hill _c1992 |
||
| 300 | _aScheums outline series p. | ||
| 942 | _cBK | ||
| 999 |
_c76468 _d76468 |
||